000 01484nac a22002531u 4500
008 111010s2001 nju|||||r|||| 001 0 eng d
020 _a0135897068
020 _a9780135897065
082 _a624.15
_bCOD
_222
100 _aCoduto, Donald P.
_927475
245 _aFoundation Design :
_bPrinciples and Practices /
_cDonald P. Coduto.
250 _a2nd ed.
260 _aUpper Saddle River, N.J.[Great Britain] :
_bPearson Prentice Hall, 2001
_c2001.
300 _axxii, 883 p. :
_bill. ;
_c24 cm.
500 _aRepr. with corrections. _ Previous ed.: Englewood Cliffs, N.J. : Prentice Hall, c1994.
504 _aIncludes bibliographical references and index.
650 _aFoundations.
_927476
653 _bCiv
_cOctober2011
942 _cBB
_k624.15C671
_2ddc
999 _c968
_d968